<?xml version="1.0" encoding="UTF-8"?>
<collection xmlns="http://www.loc.gov/MARC21/slim">
 <record>
  <leader>00976nam a2200325   4500</leader>
  <controlfield tag="001">DLU090095833</controlfield>
  <controlfield tag="005">##20091201</controlfield>
  <datafield tag="040" ind1="#" ind2="#">
   <subfield code="a">DLU</subfield>
   <subfield code="b">eng</subfield>
  </datafield>
  <datafield tag="041" ind1="#" ind2="#">
   <subfield code="a">eng</subfield>
  </datafield>
  <datafield tag="044" ind1="#" ind2="#">
   <subfield code="a">uk</subfield>
  </datafield>
  <datafield tag="100" ind1="#" ind2="#">
   <subfield code="a">Arrowood, Heather C.</subfield>
  </datafield>
  <datafield tag="245" ind1="#" ind2="#">
   <subfield code="a">Determinants of day-range length in the black howler monkey at Lamanai, Belize /</subfield>
   <subfield code="c">Heather C. Arrowood, Adrian Treves, Nancy E. Mathews.</subfield>
  </datafield>
  <datafield tag="653" ind1="#" ind2="#">
   <subfield code="a">Alouatta </subfield>
  </datafield>
  <datafield tag="653" ind1="#" ind2="#">
   <subfield code="a">Day range</subfield>
  </datafield>
  <datafield tag="653" ind1="#" ind2="#">
   <subfield code="a">Feeding competition</subfield>
  </datafield>
  <datafield tag="653" ind1="#" ind2="#">
   <subfield code="a">Folivory</subfield>
  </datafield>
  <datafield tag="653" ind1="#" ind2="#">
   <subfield code="a">Group size</subfield>
  </datafield>
  <datafield tag="653" ind1="#" ind2="#">
   <subfield code="a">Habitat quality</subfield>
  </datafield>
  <datafield tag="700" ind1="#" ind2="#">
   <subfield code="a">Mathews, Nancy E.</subfield>
  </datafield>
  <datafield tag="700" ind1="#" ind2="#">
   <subfield code="a">Treves, Adrian.</subfield>
  </datafield>
  <datafield tag="773" ind1="#" ind2="#">
   <subfield code="t">Journal of Tropical Ecology</subfield>
   <subfield code="g">Vol. 19, part 5 (September 2003), p. 591-594</subfield>
  </datafield>
  <datafield tag="920" ind1="#" ind2="#">
   <subfield code="a">Phòng Tạp chí -- Trung tâm Thông tin - Thư viện Trường Đại học Đà Lạt</subfield>
  </datafield>
  <datafield tag="994" ind1="#" ind2="#">
   <subfield code="a">DLU</subfield>
  </datafield>
  <datafield tag="900" ind1="#" ind2="#">
   <subfield code="a">True</subfield>
  </datafield>
  <datafield tag="911" ind1="#" ind2="#">
   <subfield code="a">Trương Bảo Trâm Anh</subfield>
  </datafield>
  <datafield tag="925" ind1="#" ind2="#">
   <subfield code="a">G</subfield>
  </datafield>
  <datafield tag="926" ind1="#" ind2="#">
   <subfield code="a">A</subfield>
  </datafield>
  <datafield tag="927" ind1="#" ind2="#">
   <subfield code="a">BB</subfield>
  </datafield>
  <datafield tag="980" ind1="#" ind2="#">
   <subfield code="a">Thư viện Trường Đại học Đà Lạt</subfield>
  </datafield>
 </record>
</collection>
